00463nam a2200157Ia 4500100003500000250000600035942000700041654001600048245004000064260003600104082001400140300000800154546001200162999001700174952011400191 aJohnsonbaugn/R/ Kalin/ Martin  a3 cBK aprogramming aApplications programming In Ansi C bPrentice HallaNew yorkc1996 a5.13bJOH a875 aENGLISH c18442d18442 001040708CRCaCRCEbCRCEc1429 | 33d2023-03-17l1o5.13 JOHp9860r2024-07-31s2024-07-31w2023-03-17yBK